000 00235nam a2200097Ia 4500
001 645852
005 20250826153631.0
008 250824s9999 xx 000 0 und d
245 0 _aSONA ERMEK
_cSELİM İLERİ
260 _bEVEREST YAYINLARI
999 _c645852
_d645852